000
00400nam a2200145Ia 4500
008
090122s9999 xx 000 0 und d
082
_b
4789
_a
891.463
100
_a
काळे
_b
व
_c
पु
245
_a
वन फॉर द रोड
600
_a
काळे
630
_a
वन फॉर द रोड
700
_a
काळे
730
_a
वन फॉर द रोड
942
_c
BOOK
999
_c
28867
_d
28867